Trzy prawdziwe i jedno fałszywe - geografia - Statystyki

Ogólne statystyki
  • Ten quiz został rozwiązany 4 598 razy
  • Średni wynik to 9 z 15
Statystyki odpowiedzi
Zagadnienie Odpowiedź % Poprawnych
Państwa, w których niemiecki jest językiem urzędowym Holandia
84%
Państwa w ONZ Grenlandia
77%
Stolice państw Auckland
74%
Państwa leżące na południku zerowym Kenia
73%
Miejscowości w Polsce Bratysława
71%
Państwa leżące na równiku Arabia Saudyjska
70%
Góry w Alpach Elbrus
67%
Miasta leżące nad Morzem Śródziemnym Mediolan
67%
Zbiorniki wodne graniczące z Rosją Morze Pólnocne
59%
Greckie wyspy Kalamata
58%
Brytyjskie terytoria zamorskie Wyspy Owcze
57%
Rzeki w Chinach Kuejczou
45%
Zwierzęta żyjące w Ameryce Południowej Kazuary
34%
Miasta na północ od koła podbiegunowego północnego Nowosybirsk
31%
Wielkie Jeziora Afrykańskie Zambezi
26%
Nie znaleziono quizów pasujących do podanych kryteriów
Rozkład punktacji
Procent ludzi z każdym wynikiem
Percentyl według liczby udzielonych odpowiedzi
Twoja historia wyników
Nie rozwiązałeś tego quizu